Doing discourse analysis: methods for studying action in talk and text

Gespeichert in:
Bibliographische Detailangaben
Hauptverfasser: Wood, Linda A (VerfasserIn), Kroger, Rolf O (VerfasserIn)
Format: Buch
Sprache:Englisch
Veröffentlicht: Londres Sage 2000
Schlagworte:
Tags: Tag hinzufügen
Keine Tags, Fügen Sie den ersten Tag hinzu!

MARC

LEADER 00000nam a2200000 a 4500
001 UCN0808
003 CL-VaPUC
008 010330e20000000UK |||||||||||||||||eng|d
082 0 4 |a 401.41  |b WOO  |2 21 
100 0 |a Wood, Linda A  |e author  |9 456044 
700 0 |a Kroger, Rolf O  |e author  |9 456045 
245 1 0 |a Doing discourse analysis: methods for studying action in talk and text 
300 |a 240 p 
942 |c BK 
945 |d 20010330 00:00:00  |a vberengu 
260 |a Londres  |b Sage  |c 2000 
650 0 |a Análisis del discurso  |9 256696 
650 0 |a Semiótica  |9 265317 
650 0 |a Lingüística  |9 265068 
650 0 |a Discursos   |9 265028 
583 |a last modification  |c 20010330 00:00:00  |k Rodrigo Vera 
999 |c 294433  |d 294431 
952 |0 0  |1 0  |4 0  |6 401_410000000000000_WOO_2000  |7 0  |8 A  |9 346857  |a FDOPOS  |b FDOPOS  |d 2019-11-20  |i 370128K  |o 401.41 WOO 2000  |p 370128K  |r 2025-01-22  |w 2019-11-20  |y BK  |k MLA 
952 |0 0  |1 0  |4 0  |6 401_410000000000000_WOO_2000  |7 0  |8 A  |9 346858  |a FDOPOS  |b FDOPOS  |d 2019-11-20  |i 3814017  |o 401.41 WOO 2000  |p 3814017  |r 2025-01-22  |w 2019-11-20  |y BK  |k MLA 
952 |0 0  |1 0  |4 0  |6 401_410000000000000_WOO_2000  |7 0  |8 A  |9 346859  |a FDOPOS  |b FDOPOS  |d 2019-11-20  |i 4104722  |o 401.41 WOO 2000  |p 4104722  |r 2025-01-22  |w 2019-11-20  |y BK  |k MLA